[Event "Samara Polugaevsky Memorial 8th"]
[Site "Samara"]
[Date "2018.07.17"]
[Round "8"]
[White "Gabrielian, Artur"]
[Black "Kulaev, Maxim"]
[Result "1-0"]
[WhiteElo "2518"]
[BlackElo "2075"]
[PlyCount "101"]
[EventDate "2018.07.10"]
[EventType "swiss"]
[EventRounds "9"]
[EventCountry "RUS"]
[SourceTitle "CBM 185 Extra"]
[Source "ChessBase"]
[SourceDate "2018.07.29"]
[SourceVersion "1"]
[SourceVersionDate "2018.07.29"]
[SourceQuality "1"]

1. e4 c5 2. Nc3 e6 3. Nf3 a6 4. d4 cxd4 5. Nxd4 d6 6. Be2 Nf6 7. 0-0 Qc7 8. a4 b6 9. f4 Nbd7 10. Bf3 Bb7 11. Qe2 Be7 12. e5 dxe5 13. fxe5 Bc5 14. Be3 Nxe5 15. Bxb7 Qxb7 16. Nxe6 Bxe3+ 17. Qxe3 fxe6 18. Qxe5 0-0 19. Qxe6+ Kh8 20. Rae1 b5 21. axb5 axb5 22. Qe7 Qb6+ 23. Qe3 Qc6 24. Qf3 Qc5+ 25. Qf2 Qb4 26. Nd1 Qd6 27. Qf5 Rab8 28. Nf2 Qd4 29. b3 Nd5 30. Qd3 Qxd3 31. Nxd3 Rxf1+ 32. Kxf1 Kg8 33. Re5 Nf6 34. Rc5 Kf8 35. Ke2 g6 36. Rc7 Re8+ 37. Kf3 Rb8 38. Nc5 Rb6 39. Rxh7 Rc6 40. Rc7 Rxc7 41. Ne6+ Ke7 42. Nxc7 b4 43. h4 Kd6 44. Na6 Nd5 45. g4 Ke5 46. h5 g5 47. Nc5 Nf6 48. Nd3+ Kd4 49. Nxb4 Kc3 50. Nc6 Kxc2 51. b4 1-0